00238nam a2200109Ia 4500008004100000041001200041082001100053100002000064245003200084260000600116650000600122221030s9999 xx 000 0 und d aEnglish a105.23 aP. G. Wodehouse 0aUkridgecby P. G. Wodehouse c0 aB